Statystyki dla REJESTRACJE SAMOCHODOWE Z EUROPY (2023)

Kliknij tutaj aby rozwiązać quiz!

Ogólne statystyki

  • Ten quiz został rozwiązany 223 razy
  • Średni wynik to 36 z 39

Statystyki odpowiedzi

Odpowiedź% Poprawnych
ALBANIA
99%
BIAŁORUŚ
98%
CZECHY
97%
ESTONIA
97%
FINLANDIA
97%
POLSKA
97%
BELGIA
96%
IRLANDIA
96%
ISLANDIA
96%
LITWA
96%
NORWEGIA
96%
UKRAINA
96%
DANIA
95%
FRANCJA
95%
HOLANDIA / NIDERLANDY
95%
BUŁGARIA
94%
ŁOTWA
94%
RUMUNIA
94%
SERBIA
94%
SŁOWACJA
94%
SŁOWENIA
94%
AUSTRIA
93%
WIELKA BRYTANIA
93%
GRECJA
92%
MOŁDAWIA
92%
PORTUGALIA
92%
CHORWACJA
91%
NIEMCY
90%
TURCJA
89%
BOŚNIA I HERCEGOWINA
88%
LUKSEMBURG
88%
WĘGRY
86%
WŁOCHY
85%
HISZPANIA
83%
MACEDONIA PÓŁNOCNA
83%
SZWECJA
83%
CZARNOGÓRA
76%
MALTA
72%
KOSOWO
70%

Rozkład punktacji

Percentyl według liczby udzielonych odpowiedzi

Procent ludzi z każdym wynikiem

Twoja historia wyników

Nie rozwiązałeś tego quizu